书目信息 |
| 题名: |
当代科学技术发展的特点
|
|
| 作者: | 孙学琛 著 ;中国科学技术情报研究所 编 | |
| 分册: | ||
| 出版信息: | 北京 科学技术文献出版社 1979 |
|
| 页数: | 32页 | |
| 开本: | 19cm | |
| 丛书名: | ||
| 单 册: | ||
| 中图分类: | N11 , G3-49 | |
| 科图分类: | ||
| 主题词: | 科学技术--动态--世界--现代 | |
| 电子资源: | ||
| ISBN: | ||
| 000 | 00800nam0 2200265 45 | |
| 001 | 0179007089 | |
| 005 | 20040505163532.2 | |
| 010 | @dCNY0.12 | |
| 091 | @a17176.159 | |
| 100 | @a19950810d1979 em y0chiy0121 ea | |
| 101 | 0 | @achi |
| 102 | @aCN@b110000 | |
| 105 | @ay z 000yy | |
| 106 | @ar | |
| 200 | 10 | @a当代科学技术发展的特点@Adang dai ke xue ji shu fa zhan de te dian@f孙学琛著@g中国科学技术情报研究所编 |
| 210 | @a北京@c科学技术文献出版社@d1979 | |
| 215 | @a32页@d19cm | |
| 300 | @a科技情报工作学术讲座之二 | |
| 606 | @a科学技术@x动态@y世界@z现代 | |
| 690 | @aN11@v3 | |
| 690 | @aG3-49 | |
| 701 | 0 | @a孙学琛@Asun xue chen@4著 |
| 712 | 02 | @a中国科学技术情报研究所@Azhong guo ke xue ji shu qing bao yan jiu suo@4编 |
| 801 | 0 | @aCN@bNLC@c20040505 |
| 905 | @f1@b26742@dG3-49@e4:2 | |
| 当代科学技术发展的特点/孙学琛著/中国科学技术情报研究所编.-北京:科学技术文献出版社,1979 |
| 32页;19cm |
| 科技情报工作学术讲座之二 |
| ISBN :CNY0.12 |
| ● |
| 相关链接 |
|
|
|
|
正题名:当代科学技术发展的特点
索取号:G3-49/4:2
 
预约/预借
| 序号 | 登录号 | 条形码 | 馆藏地/架位号 | 状态 | 备注 |
| 1 | 0026742 | 000988854 | 第一样本阅览室/ [索取号:G3-49/4:2] | 在馆 |